书目信息 |
| 题名: |
中国北方旱区主要粮食作物滴灌水肥一体化技术
|
|
| 作者: | 尹飞虎 著 | |
| 分册: | ||
| 出版信息: | 北京 科学出版社 2017.12 |
|
| 页数: | 449页 | |
| 开本: | 26cm | |
| 丛书名: | ||
| 单 册: | ||
| 中图分类: | S510.7 | |
| 科图分类: | ||
| 主题词: | 干旱区--粮食作物--滴灌--肥水管理--一体化--栽培技术 | |
| 电子资源: | ||
| ISBN: | 978-7-03-051916-0 | |
| 000 | 01050nam0 2200229 450 | |
| 001 | 3877 | |
| 005 | 20181008165818.05 | |
| 010 | @a978-7-03-051916-0@dCNY188.00 | |
| 100 | @a20180513d2017 em y0chiy50 ea | |
| 101 | 0 | @achi |
| 102 | @aCN@b110000 | |
| 105 | @aa z 000yy | |
| 200 | 1 | @a中国北方旱区主要粮食作物滴灌水肥一体化技术@9zhong guo bei fang han qu zhu yao liang shi zuo wu di guan shui fei yi ti hua ji shu@f尹飞虎等著 |
| 210 | @a北京@c科学出版社@d2017.12 | |
| 215 | @a449页@c图@d26cm | |
| 300 | @a国家“十二五”公益性行业科研专项研究专著 | |
| 330 | @a本书总结凝练形成了中国北旱区方主要粮食作物滴灌水肥一体化技术,分七章介绍了田间作物滴灌技术关键设备与配套产品的研发和应用成果,从理论与实践两方面阐述了北方小麦、玉米等作物抗旱品种筛选技术及鉴选指标体系,论述了主要粮食作物滴灌专用肥及水肥一体化智能决策和监测管理软件平台的研制与应用技术等内容。 | |
| 606 | 0 | @a干旱区@x粮食作物@x滴灌@x肥水管理@x一体化@x栽培技术 |
| 690 | @aS510.7@v5 | |
| 701 | 0 | @a尹飞虎@9yin fei hu@4著 |
| 801 | 0 | @aCN@b91MARC@c20180513 |
| 905 | @aMuseLib@dS510.7@e80 | |
| 中国北方旱区主要粮食作物滴灌水肥一体化技术/尹飞虎等著.-北京:科学出版社,2017.12 |
| 449页:图;26cm |
| 国家“十二五”公益性行业科研专项研究专著 |
| ISBN 978-7-03-051916-0:CNY188.00 |
| 本书总结凝练形成了中国北旱区方主要粮食作物滴灌水肥一体化技术,分七章介绍了田间作物滴灌技术关键设备与配套产品的研发和应用成果,从理论与实践两方面阐述了北方小麦、玉米等作物抗旱品种筛选技术及鉴选指标体系,论述了主要粮食作物滴灌专用肥及水肥一体化智能决策和监测管理软件平台的研制与应用技术等内容。 |
| ● |
| 相关链接 |
|
|
|
|
正题名:中国北方旱区主要粮食作物滴灌水肥一体化技术
索取号:S510.7/80
 
预约/预借
| 序号 | 登录号 | 条形码 | 馆藏地/架位号 | 状态 | 备注 |
| 1 | 1124003 | 211240030 | 第二样本阅览室/ [索取号:S510.7/80] | 在馆 | |
| 2 | 1124004 | 211240049 | 第三借阅区/ [索取号:S510.7/80] | 在馆 |